000 00437nam a22001457a 4500
082 _aP-243
100 _aCapt Tanveer Ahmed Aasir
_948220
245 _aComputer aided design of gravity and cantilever retaining walls
_cCapt Tanveer Ahmed Aasir, Capt Zahid Saleem
260 _aRisalpur
_bMCE
_c2003
300 _avi, 107 p:
526 _a0
_b0
_c0
_dP_243
650 _aProject
700 _aLt Col Zaheer Ahmed
_948221
942 _2ddc
_cBK
999 _c551225
_d551225